[Event "CHN-chT"]
[Site "Hangzhou"]
[Date "2023.05.24"]
[Round "6.4"]
[White "Zhang, Qiwang"]
[Black "Liu, Yinuo"]
[Result "1/2-1/2"]
[WhiteElo "1240"]
[BlackElo "1452"]
[PlyCount "69"]
[EventDate "2023.05.19"]
[EventType "team-swiss"]
[EventRounds "9"]
[EventCountry "CHN"]
[SourceTitle "CBM 214 Extra"]
[Source "ChessBase"]
[SourceDate "2023.07.31"]
[SourceVersion "1"]
[SourceVersionDate "2023.07.31"]
[SourceQuality "1"]
[WhiteTeam "Shanghai"]
[BlackTeam "Qingdao"]
[WhiteTeamCountry "CHN"]
[BlackTeamCountry "CHN"]

1. d4 Nf6 2. c4 g6 3. g3 Bg7 4. Bg2 0-0 5. Nc3 d6 6. Nf3 Nc6 7. 0-0 e5 8. d5 Nb8 9. e4 a5 10. Rb1 Na6 11. Re1 Nc5 12. b3 Nfd7 13. a3 f5 14. b4 Nxe4 15. Nxe4 fxe4 16. Ng5 Nf6 17. Nxe4 Nxe4 18. Bxe4 axb4 19. axb4 Qf6 20. Qc2 Bf5 21. Be3 Bxe4 22. Qxe4 Qf5 23. Qxf5 gxf5 24. Ra1 e4 25. Rab1 Ra2 26. Rec1 Be5 27. c5 f4 28. gxf4 Bxf4 29. Ra1 Bxe3 30. fxe3 Rxa1 31. Rxa1 dxc5 32. bxc5 Rd8 33. Rd1 Kf7 34. Rd4 Kf6 35. d6 1/2-1/2

[Event "CHN-chT"]
[Site "Nanjing"]
[Date "2023.02.20"]
[Round "7.2"]
[White "Liu, Yinuo"]
[Black "Jiang, Haochen"]
[Result "0-1"]
[WhiteElo "1450"]
[BlackElo "1389"]
[PlyCount "102"]
[EventDate "2023.02.14"]
[EventType "team-swiss"]
[EventRounds "9"]
[EventCountry "CHN"]
[SourceTitle "CBM 212 Extra"]
[Source "ChessBase"]
[SourceDate "2023.03.31"]
[SourceVersion "1"]
[SourceVersionDate "2023.03.31"]
[SourceQuality "1"]
[WhiteTeam "Qingdao"]
[BlackTeam "Shenzhen"]
[WhiteTeamCountry "CHN"]
[BlackTeamCountry "CHN"]

1. e4 c5 2. Nc3 g6 3. g3 Bg7 4. Bg2 e6 5. d3 Nc6 6. Be3 Nd4 7. Qd2 b5 8. Nd1 d6 9. f4 Bb7 10. c3 Nc6 11. Nf3 f5 12. 0-0 Nf6 13. Nf2 0-0 14. e5 Nd5 15. Ng5 Qd7 16. Bxd5 exd5 17. d4 dxe5 18. fxe5 c4 19. Nf3 Nd8 20. Nh3 Qc6 21. Bh6 Ne6 22. Bxg7 Kxg7 23. Nf4 h6 24. Nh4 Nxf4 25. gxf4 Kh7 26. Kf2 Rg8 27. Rg1 Bc8 28. Nf3 Be6 29. Ke3 g5 30. fxg5 f4+ 31. Kf2 Bf5 32. h4 Be4 33. h5 Qe6 34. g6+ Kg7 35. Raf1 Qh3 36. Qd1 b4 37. Rh1 Qg3+ 38. Ke2 bxc3 39. bxc3 Rab8 40. Rf2 Rb2+ 41. Nd2 Qe3+ 42. Kf1 Bxh1 43. Qg4 Rb7 44. Rxf4 Qxf4+ 45. Qxf4 Rf8 46. Qxf8+ Kxf8 47. Kg1 Rb2 48. Nf1 Be4 49. Ne3 Re2 50. Ng4 Rg2+ 51. Kf1 Rxg4 0-1